Normal view
MARC view
Entry Personal Name
001 - CONTROL NUMBER
- control field: 58430
003 - CONTROL NUMBER IDENTIFIER
- control field: dpl
005 - DATE AND TIME OF LATEST TRANSACTION
- control field: 20231108162240.0
008 - FIXED-LENGTH DATA ELEMENTS
- fixed length control field: 231108|| aca||aabn | a|a d
040 ## - CATALOGING SOURCE
- Original cataloging agency: dpl
- Transcribing agency: dpl
100 ## - HEADING--PERSONAL NAME
- Personal name: Dhanda, Amita
670 ## - SOURCE DATA FOUND
- Source citation: Work cat.: (dpl)199038: Dhanda, Amita, Principles of Administrative Law/, 2024
